000 00714nam a2200265Ia 4500
001 28538
005 20240114001054.0
007 ta
008 060610s 195 g b000 u 465 u
040 _aCotton College,Assam
041 _a465
082 _a311.2
_bAl 53 St
100 _aAllan, Douglas H.W. .
245 0 _aStatistical Quality Control /
_cDouglas H.W. Allan.
_hTextual Documents
250 _a1st ed. /
260 _aNew York :
_bReinhold Publishing Corp. ,
_cC 1959.
300 _a129p. ;
_c17cm.
653 _aStatistics-Quality Control
653 _aQuality Control
653 _aG-Statistics
942 _2ddc
_cBK
999 _c28520
_d28520